000 00862nam a2200253Ia 4500
003 OSt
005 20220923231031.0
006 a|||||r|||| 00| 0
007 ta
008 220922b |||||||| |||| 00| 0 pan d
020 _c460
024 _a354,971
037 _b1391, 28/12/2021, H.K. Prakashan
_cTextual
040 _aARTS
_cARTS
_bpan
041 _2pan
_apan
082 _aNR4443, 153R0
100 _aਟਿੱਬਾ, ਕਮਲਜੀਤ ਸਿੰਘ, ਂਚ.
_9156325
245 0 _aਪੰਜਾਬੀ ਗੀਤ Fਾਸਤਰ
260 _aਪਟਿਆਲਾ
_b ਪਬਲੀਕੇFਨ ਬਿਊਰੋ
_c2020
300 _a243ਪ੍ਰ0
_ccm.
650 _aਸੰਗੀਤ
942 _hNR4443, 153R0
_cTEXL
_2CC
999 _c388915
_d388915